000 00723nam a2200289Ia 4500
005 20260324142754.0
008 008 260324s9999 xx 000 0 eng d
020 _a9781315287058
037 _aEBOOK
040 _aCRL
040 _beng
040 _cCRL
041 _2eng
041 _aeng
084 _qCRL
100 _aNikolei Berdiaev; Marshall S. Shatz; Judith E. Zimmerman; Frank Semen; Marshall S. Shatz; S.N. Bulgakov
_91213186
245 0 _aVekhi
245 0 _bLandmarks
260 _bTaylor and Francis
260 _c1994
365 _a
365 _b230
856 _uhttp://www.taylorfrancis.com/books/9781315287058
942 _cEBOOK
999 _c1817764
_d1817764